000 00848nam a2200241 a 4500
001 000017123
005 20240530073918.0
008 100317s1985 dr r 000 f spa d
040 _aDO-SdBNP
_bspa
_cBNPHU
082 _aRD863.44
_bG216a
100 1 _aGarcía García, Apolinar
_937724
245 1 0 _aA prueba de fuego ;
_bLa felicidad vendrá /
_cApolinar García García.
260 _aSanto Domingo :
_bTaller,
_c1985.
300 _a127 p. ;
_c21 cm.
501 _aPublicado con: La felicidad vendra
563 _aDos obras publicadas juntas con paginación contínua
590 _aInventariado, 2020/VM
650 0 _aNovela dominicana
_9223
650 4 _aCuento dominicano
_926903
650 0 _aLiteratura dominicana.
_967
700 1 2 _aGarcía García, Apolinar
_tLa felicidad vendrá
_937725
910 _aValidado. Control de calidad. MFF
999 _c16649
_d16649